Laboratory Experiments on Electrical Machines (Record no. 341932)

MARC details
000 -LEADER
fixed length control field 00342nam a22001337a 4500
082 ## - DEWEY DECIMAL CLASSIFICATION NUMBER
Classification number 621.31042
Item number CHA/LA
100 ## - MAIN ENTRY--PERSONAL NAME
Personal name Chanda .C.K.
9 (RLIN) 1444
100 ## - MAIN ENTRY--PERSONAL NAME
Personal name Chakrabarti A.
9 (RLIN) 1445
245 ## - TITLE STATEMENT
Title Laboratory Experiments on Electrical Machines
250 ## - EDITION STATEMENT
Edition statement 2 nd
260 ## - PUBLICATION, DISTRIBUTION, ETC. (IMPRINT)
Place of publication, distribution, etc. Delhi
Name of publisher, distributor, etc. Dhanapat Rai & Co. (P) Ltd
Date of publication, distribution, etc. 2005
300 ## - PHYSICAL DESCRIPTION
Extent 197
942 ## - ADDED ENTRY ELEMENTS (KOHA)
Koha item type Book Bank scheme for SC students
Holdings
Withdrawn status Lost status Damaged status Not for loan Collection code Home library Current library Shelving location Date acquired Source of acquisition Cost, normal purchase price Total Checkouts Full call number Barcode Date last seen Price effective from Koha item type
          Kelappaji College of Agricultural Engineering & Technology Library, Tavanur Kelappaji College of Agricultural Engineering & Technology Library, Tavanur   05/09/2016 Cosmo Books, Thrissur. 80.00   621.31042 CHA/LA KAU_KCAEFT-BB 21 05/09/2016 05/09/2016 Book Bank scheme for SC students
          Kelappaji College of Agricultural Engineering & Technology Library, Tavanur Kelappaji College of Agricultural Engineering & Technology Library, Tavanur   05/09/2016 Cosmo Books, Thrissur. 80.00   621.31042 CHA/LA KAU_KCAEFT-BB 22 05/09/2016 05/09/2016 Book Bank scheme for SC students
Kerala Agricultural University Central Library
Thrissur-(Dt.), Kerala Pin:- 680656, India
Ph : (+91)(487) 2372219
E-mail: librarian@kau.in
Website: http://library.kau.in/